ਪੰਜਾਬੀ ਕਿੱਸਾ ਤੇ ਬੀਰ ਕਾਵਿ (Record no. 371929)

MARC details
000 -LEADER
fixed length control field 00810nam a2200205Ia 4500
003 - CONTROL NUMBER IDENTIFIER
control field OSt
005 - DATE AND TIME OF LATEST TRANSACTION
control field 20251021150747.0
008 - FIXED-LENGTH DATA ELEMENTS--GENERAL INFORMATION
fixed length control field 220922b |||||||| |||| 00| 0 pan d
037 ## - SOURCE OF ACQUISITION
Terms of availability TB
040 ## - CATALOGING SOURCE
Original cataloging agency ARTS
Transcribing agency ARTS
Language of cataloging pan
041 ## - LANGUAGE CODE
Source of code pan
Language code of text/sound track or separate title pan
084 ## - COLON CLASSIFICATION NUMBER
Classification number O153,1:g M3;N8
Assigning agency AL
100 ## - MAIN ENTRY--PERSONAL NAME
Personal name ਘੁੰਮਣ, ਬਿਕਰਮ ਸਿੰਘ
9 (RLIN) 156274
245 #0 - TITLE STATEMENT
Title ਪੰਜਾਬੀ ਕਿੱਸਾ ਤੇ ਬੀਰ ਕਾਵਿ
260 ## - PUBLICATION, DISTRIBUTION, ETC.
Place of publication, distribution, etc. ਅੰਮ੍ਰਿਤਸਰ:
Name of publisher, distributor, etc. ਗੁਰੂ ਨਾਨਕ ਦੇਵ ਯੁਨੀਵਰਸਿਟੀ,
Date of publication, distribution, etc. 1998.
300 ## - PHYSICAL DESCRIPTION
Extent 285ਪੰ
Dimensions cm.
650 ## - SUBJECT ADDED ENTRY--TOPICAL TERM
Topical term or geographic name entry element ਪੰਜਾਬੀ ਸਾਹਿਤ
9 (RLIN) 848994
942 ## - ADDED ENTRY ELEMENTS (KOHA)
Classification part O153,1:g M3;N8
Koha item type Textbook
Source of classification or shelving scheme Colon Classification (CC)
Suppress in OPAC No
Holdings
Withdrawn status Lost status Source of classification or shelving scheme Damaged status Not for loan Home library Current library Date acquired Source of acquisition Cost, normal purchase price Total Checkouts Full call number Barcode Date last seen Cost, replacement price Price effective from Koha item type Public note
    Colon Classification (CC)     Arts Library Arts Library 2022-09-23 237, 17/12/2008, N. R. Book Distributors 210.00   O153,1:g M3;N8 AL1222879 2022-09-23 210.00 2022-09-23 Textbook Price for only ONE book
Copyright @ Delhi University Library System